000 00605cam a22002411 4500
001 sa 65010725
003 DLC
005 20260227112210.0
008 891027m19659999ii ac 000 0 maro
010 _asa 65010725
035 _a(OCoLC)20559660
040 _aDLC
_cWaU
_dDLC
042 _apremarc
043 _aa-ii---
050 0 0 _aDS485.M34
_bG33
100 1 _aGaḍakarī, Mādhava,
_d1928-
245 1 0 _aAsā hā Mahārāshṭra.
260 _c[1965-
300 _av.
_billus., ports.
_c22 cm.
500 _aIn Marathi.
650 0 _aMaratha (Indic people)
651 0 _aMaharashtra (India)
999 _c66904
_d66904